000 00382cam a2200169 4500
001 D12622
008 090401t1942 xxu||||| |||| 00| 0 eng d
035 _a(Sirsi) u4761
041 _aeng
100 _aDenman, Donald R
245 _aTenant-right valuation
260 _bW Heffer and Sons Ltd
_c1942
350 _a0
520 _aShelf 114
942 _n0
948 _c04/03/1997
999 _c86061
_d86061